Dutch Footballers A-Z - Statistics

General Stats
  • This quiz has been taken 308 times
    14 since last reset
  • The average score is 23 of 32
Answer Stats
Letter Hint Player % Correct
Van der S Goalkeeper who played for Ajax, Juventus, Fulham and Manchester United Edwin van der Sar
100%
C Ballon d'Or winner in 1971, 1973, and 1974 Johan Cruyff
100%
De L Defender who played for Ajax, Juventus, Bayern Munich and Manchester United Matthijs de Ligt
100%
Van N Striker who played for PSV, Manchester United and Real Madrid Ruud van Nistelrooy
100%
Van D Defender who was Premier League Player of the Season 2018–19 Virgil van Dijk
100%
De B Twin brother of Ronald, with whom he played in Ajax and Barcelona Frank de Boer
93%
De J Midfielder who played in the 2010 FIFA World Cup final Nigel de Jong
93%
Van P All-time top scorer for the Netherlands national team Robin van Persie
93%
R Winger who played for Bayern Munich from 2009 to 2019 Arjen Robben
86%
S Only player to have won the Champions League with three clubs Clarence Seedorf
86%
B Striker who played for Ajax, Inter and Arsenal Dennis Bergkamp
86%
Van B Left-back who captained the team in the 2010 FIFA World Cup final Giovanni van Bronckhorst
86%
H Striker who played for Schalke 04 and Ajax from 2010 to 2021 Klaas-Jan Huntelaar
86%
Van B FIFA World Player of the Year in 1992 Marco van Basten
86%
A Defender who plays for Manchester city since 2020 Nathan Aké
86%
Van der V Attacking midfielder who played for Ajax, Hamburg and Real Madrid Rafael van der Vaart
86%
G Ballon d'Or winner in 1987 Ruud Gullit
86%
R Defensive midfielder who played for AC Milan from 1988 to 1993 Frank Rijkaard
79%
O Winger who played for Ajax, Arsenal and Barcelona Marc Overmars
79%
D Forward who played for PSV, Lyon and Barcelona Memphis Depay
79%
B Son of former Netherlands national team manager Danny Daley Blind
71%
K Striker who was joint top scorer at Euro 2000 Patrick Kluivert
71%
K Defender known for his long-range shooting, and accuracy from free kick Ronald Koeman
71%
S With 134 caps, the most capped Dutch player of all time Wesley Sneijder
64%
D Midfielder who played for Ajax, AC Milan, Juventus and Inter Edgar Davids
57%
N Midfielder who played in the 1974 and 1978 FIFA World Cups finals Johan Neeskens
50%
Van de K With his twin brother René made the World Cup final in 1974 Willy van de Kerkhof
43%
Z Left winger who played for PSV, Barcelona, Chelsea and Marseille Boudewijn Zenden
36%
M Defender who played in the 2010 FIFA World Cup final Joris Mathijsen
29%
Van T Left-back who was the starter in the team that won Euro 1988 Adri van Tiggelen
21%
W Midfielder who played for Ajax, Inter and Lazio Aron Winter
21%
I Nicknamed "Iron Rinus" he played three matches in the 1974 FIFA World Cup Rinus Israel
0%
No matching quizzes found
Score Distribution
Percent of People with Each Score
Percentile by Number Answered
Your Score History
You have not taken this quiz since the last reset